=LDR 00000nam 2200000 4500 =001 INLIS000000000809629 =008 ###################################ind## =035 ##$$a 0010-0825000122 =245 ##$$a Menumbuhkan Jiwa Entrepreneur Dalam Diri Siswa / $c Pak Martono =260 ##$$b PT. Setia Purna =020 ##$$a 69799415787673 =084 ##$$a 620.4 ONO m =520 ##$$a Sukses pribadi dalam bisnis =082 ##$$a 620.4